A gyártási és azt előkészítő folyamatok vizsgálata egy magyarországi termelő vállalatnál

Bibliográfiai részletek
Szerző: Eőry Dávid
További közreműködők: Fabula László
Dokumentumtípus: Diplomadolgozat
Kulcsszavak:logisztika
Lean-gyártás
termelés
Online Access:http://dolgozattar.uni-bge.hu/15044

MARC

LEADER 00000nta a2200000 i 4500
001 dolg15044
005 20180828140634.0
008 180427suuuu hu om 000 hun d
040 |a BGE Dolgozattár Repozitórium  |b hun 
041 |a hu 
100 1 |a Eőry Dávid 
245 1 2 |a A gyártási és azt előkészítő folyamatok vizsgálata egy magyarországi termelő vállalatnál  |c Eőry Dávid  |h [elektronikus dokumentum] 
246 1 1 |a A gyártási és azt előkészítő folyamatok vizsgálata egy magyarországi termelő vállalatnál 
520 3 |a Dolgozatom azon a kérdésfeltevésen alapszik, hogy mennyire lehetséges a környezet kímélése és az innovatív megoldások alkalmazása költséghatékony módszerekkel magas profit realizálása mellett. 
695 |a logisztika 
695 |a Lean-gyártás 
695 |a termelés 
700 1 |a Fabula László  |e ths 
856 4 0 |u http://dolgozattar.uni-bge.hu/15044/1/E%C5%90RY%20D%C3%81VID%20BA%20szakdolgozat_2018_04_25_v%C3%A9gleges%20%281%29.pdf  |z Dokumentum-elérés